• 首页
  • 本馆介绍
  • 公告通知
  • 最新文献
  • 馆藏检索
  • 电子资源
  • 读者导购
  • 参考咨询
  • 我的图书馆
  • 登录
  • 详细信息显示
  • 放入我的书架
  • 预约/预借图书
  • 作者相关作品
  • 分类相关作品
  • 丛书相关作品
  • 出版社相关作品

书目信息

  • 表格格式
  • 工作单格式
  • 卡片格式
题名:
中华人民共和国合同法一本通
    
 
作者: ;法规应用研究中心 编
分册:  
出版信息: 北京   中国法制出版社  2018
页数: 18, 399页
开本: 21cm
丛书名: 法律一本通
单 册:
中图分类: D923.6
科图分类:
主题词: 合同法--He Tong Fa--基本知识--中国
电子资源:
ISBN: 978-7-5093-7651-5
000 00977nam 2200289 450
001 012001006098
005 20191023141408.78
010    @a978-7-5093-7651-5@dCNY35.00
099    @aCAL 012018038386
100    @a20180412d2018 ekmy0chiy50 ea
101 0  @achi
102    @aCN@b110000
105    @ay z 001yy
106    @ar
200 1  @a中华人民共和国合同法一本通@AZhong Hua Ren Min Gong He Guo He Tong Fa Yi Ben Tong@f法规应用研究中心编
205    @a第6版
210    @a北京@c中国法制出版社@d2018
215    @a18, 399页@d21cm
225 2  @a法律一本通@AFa Lv Yi Ben Tong@v4
320    @a有索引
330    @a本书分二十三章,内容包括总则,一般规定、合同的订立、合同的效力、合同的履行、合同的变更和转让等。
410  0 @12001 @a法律一本通@v4
606 0  @a合同法@AHe Tong Fa@x基本知识@y中国
690    @aD923.6@v4
711 02 @a法规应用研究中心@AFa Gui Ying Yong Yan Jiu Zhong Xin@4编
801  2 @aCN@b上海新华@c20191020
905    @b1098769-73@dD923.6@e2060=6@f5
    
    中华人民共和国合同法一本通/法规应用研究中心编.-第6版.-北京:中国法制出版社,2018
    18, 399页;21cm.-(法律一本通;4)
    
    
    ISBN 978-7-5093-7651-5:CNY35.00
    本书分二十三章,内容包括总则,一般规定、合同的订立、合同的效力、合同的履行、合同的变更和转让等。
●
相关链接 在E读中查询图书 在五车中查询图书 在当当中查询图书 在豆瓣中查询图书


正题名:中华人民共和国合同法一本通     索取号:D923.6/2060=6         预约/预借

序号 登录号 条形码 馆藏地/架位号 状态 备注
1 1098769   10987690   第一样本阅览室/ [索取号:D923.6/2060=6] 在馆    
2 1098770   210987707   第一借阅区/ [索取号:D923.6/2060=6] 在馆    
3 1098771   210987716   第一借阅区/ [索取号:D923.6/2060=6] 在馆    
4 1098772   210987725   第一借阅区/ [索取号:D923.6/2060=6] 在馆    
5 1098773   210987734   第一借阅区/ [索取号:D923.6/2060=6] 在馆    
唐山师范学院图书馆 欢迎您!
大连网信软件有限公司© 版权所有